| 000 | 00675nam a2200241 a 4500 | ||
|---|---|---|---|
| 001 | BRCA_6205 | ||
| 005 | 20190320205353.0 | ||
| 008 | 120711s1910----gw-#######---#000-0#ger-# | ||
| 041 | _ager | ||
| 044 | _agw | ||
| 050 | 4 |
_aPT2526.B8 _b.S75 1 1910 |
|
| 100 | 1 |
_aStinde, Julius Ernst Wilhelm _d1841-1905 _915607 |
|
| 245 | 1 | 0 |
_aDie Familie Buchholz _baus dem Leben der Hauptstadt _cvon Julius Stinde. |
| 250 | _a89 | ||
| 260 |
_aBerlín _bG. Grote´sche _c1910 |
||
| 300 |
_avi, 210 p. (v.1) _c21 cm. |
||
| 500 | _aVer también O54 (v.2) | ||
| 500 | _aI65 | ||
| 600 | 1 | 4 |
_aBuchholz, Familia _915608 |
| 650 | 1 | 4 |
_aLiteratura Alemana _96160 |
| 902 | _aGFM | ||
| 942 |
_2lcc _cB |
||
| 999 |
_c5892 _d5892 |
||